000 00851nam a2200265 a 4500
008
020 _a9780123969934 (paperback)
040 _aNUST
_cNUST
049 _aMAIN
090 _aHD57.7
_bBUS
100 1 _aBush, Pamela McCauley.
245 1 0 _aTransforming your STEM Career Through Leadership and Innovation:
_binspiration and strategies for women /
_bBush, Pamela McCauley.
260 _aUnited States:
_bElsevier,
_c2013
300 _axvi, 182 pages :
_billustrations ;
_c24 cm
336 _atext
_btxt
_2rdacontent
337 _aunmediated
_bn
_2rdamedia
338 _avolume
_bnc
_2rdacarrier
500 _aIncludes index.
650 1 _aSTEM
650 _aLeadership
907 _a.b10407650
_b27-07-21
_c27-07-21
003
005 20230123141216.0
942 _cBOOKS
_kHD57.7
_mBUS
999 _c169542
_d169542